00525nam a2200181 4500020001800000082001900018100001400037245005300051260004800104300001000152650003000162650002400192650003100216650002800247650002800275650002500303650001500328 a9788195861972 aM301 07bJIT/M aJitha T H aMalayala cherukathayile penperuma/cby Jitha T H aShukapuram:bVallathol Vidyapeetham,c2023. a245p. aStories Sara Joseph Study aStories Gracy Study aStories Chandramathy Study aStories Priya A S Study aStories Malayalam Study aLiterature Malayalam aLiterature